000 00860nam a2200265 i 4500
001 17328
003 ES-MaACL
005 20250718062532.0
007 t|
008 010130s2000 sp ||||1| spa d
020 _a84-376-1850-9
080 _a1 Nietzsche, Friedrich
080 _a17
100 1 _aBerkowitz, Peter.
_928045
245 1 0 _aNietzsche
_b: la ética de un inmoralista /
_cPeter Berkowitz ; traducción de María Condor.
260 _aMadrid :
_bCátedra,
_c[2000]
300 _a330 p. ;
_c21 cm.
490 1 _aColección Teorema. Serie mayor
600 1 4 _aNietzsche, Friedrich,
_d1844-1900-
_xCrítica e interpretación
_985721
650 1 7 _aÉtica
_2embne
_912577
700 1 _aCóndor Orduña, María.
_940150
830 0 _aColección Teorema. Serie mayor
_9181110
852 _aES-MaACL
_jL-24142
_bR.129228
999 _c17328
_d17328